000 01176pam a2200385 a 4500
001 8531
003 FISKH
005 20250918102709.0
008 810505s1981 nyua j 000 0 eng
010 _a 81009443
020 _a0688007023
020 _a0688007031
_qlib. bdg.
020 _a9780688007027
020 _a9780688007034
_q(lib. bdg.)
035 _a4205909
040 _aDLC
_cDLC
_dDLC
050 0 0 _aQL666.O63
_bC64
082 0 0 _a597.95/044
_219
100 1 _aCole, Joanna.
245 1 2 _aA snake's body /
_cJoanna Cole ; photographs by Jerome Wexler.
260 _aNew York :
_bMorrow,
_c1981.
300 _a48 pages :
_bcolor illustrations ;
_c23 cm
505 _aR
520 _aExamines the unique anatomical features of an Indian python that enable it and other snakes to survive without legs.
521 8 _a670
_bLexile
521 8 _aR
_bRaz-Plus
650 0 _aIndian python
_xJuvenile literature.
650 0 _aSnakes
_xJuvenile literature.
650 1 _aSnakes.
650 1 _aPythons.
700 1 _aWexler, Jerome.
_eillustrator
906 _a7
_bcbc
_corignew
_d1
_eocip
_f19
_gy-gencatlg
942 _2ddc
_cBK
_n0
999 _c8531
_d8531